Los iniciadores del cuento moderno : antología /

Guardado en:
Autor Principal: Atorresi, A.
Otros Autores: Bannon, M., Gándara, S., Kornfeld, L.
Formato: Libro
Publicado: Buenos Aires : Aique, 1999
Materias:
Etiquetas: Agregar Etiqueta
Sin Etiquetas, Sea el primero en etiquetar este registro!
LEADER 01060nam a22002535a 4500
001 CEM.cems016559
005 20111006110652.0
008 130507s1999##################000#0#####d
003 CEMS
020 |a 9507015329 
082 0 4 |a 468 
100 1 |a Atorresi, A. 
245 1 0 |a Los iniciadores del cuento moderno :  |b antología /  |c Compilado Por A. Atorresi, S. Gándara y L. Kornfeld 
260 |a Buenos Aires :  |b Aique,  |c 1999 
300 |a 63 p. 
500 |a Acompaña al texto Lengua y literatura 
505 0 |a El puente sobre el río del Búho / Ambrose Gwinett Bierce -- El secretario / Antón Pavlovich Chéjov -- El duelo del señor Hirsch / Gilbert Keith Chesterton -- El paseo repentino / Franz Kafka -- Sobre el agua / Guy de Maupassant -- El ángel de lo extraño / Edgar Allan Poe -- La puerta y el pino / Robert Louis Balfour Stevenson 
653 |a Cuentos 
653 |a Antología 
653 |a Literatura 
700 1 |a Bannon, M. 
700 1 |a Gándara, S. 
700 1 |a Kornfeld, L. 
859 |a CEMS  |b BIB. CEMS - Agricultura  |h 468  |i At72-1  |p A0107.00  |t Ej.1